| 000 | 01231cam a2200349 a 4500 | ||
|---|---|---|---|
| 001 | 9339 | ||
| 003 | FISKH | ||
| 005 | 20251211111646.0 | ||
| 008 | 911101s1994 njuab j 001 0 eng | ||
| 010 | _a 91014879 | ||
| 020 |
_a0816727155 (lib. bdg.) : _c$11.89 (tent) |
||
| 020 |
_a0816727163 (pbk.) : _c$3.95 |
||
| 020 | _a9780816727155 | ||
| 020 | _a9780816727162 | ||
| 020 | _a9780816727162 | ||
| 035 | _a2014051 | ||
| 040 |
_aDLC _cDLC _dDLC _beng |
||
| 050 | 0 | 0 |
_aDS741.65 _b.T43 1994 |
| 082 | 0 | 0 |
_a931/.01 _220 |
| 100 | 1 |
_aTeague, Ken, _d1936- |
|
| 245 | 1 | 0 |
_aGrowing up in ancient China / _cKen Teague ; illustrated by Richard Hook. |
| 260 |
_aMahwah : _bTroll Associates, _c1994. |
||
| 300 |
_a32 pages : _bcolor illustrations ; maps ; _c23 cm |
||
| 500 | _aIncludes index. | ||
| 520 | _aDescribes daily life in ancient China, discussing life in the country, life in the city, schools, festivals, and other aspects. | ||
| 651 | 0 |
_aChina _xSocial life and customs _yTo 221 B.C. _xJuvenile literature. |
|
| 651 | 1 |
_aChina _xSocial life and customs _yTo 221 B.C. |
|
| 700 | 1 |
_aHook, Richard, _d1938-2010, _eillustrator |
|
| 906 |
_a7 _bcbc _corignew _d1 _eocip _f19 _gy-gencatlg |
||
| 942 |
_2ddc _cBK _n0 |
||
| 999 |
_c9339 _d9339 |
||